000
00249nam a22001217a 4500
003
SGT
082
_a
629.8,BHA
100
_a
BHANOT SUREKHA
245
_a
PROCESS CONTROL
260
_b
OXFORD PUBLISHARS
_c
2010
300
_a
452
942
_2
ddc
_c
RARE
999
_c
34767
_d
34767